000
00217nam a22000857a 4500
008
161114b xxu||||| |||| 00| 0 eng d
100
_9
1199
_a
Das.H.K.etal.
245
_a
Mathematics-II-X
260
_a
New delhi
_b
S. chand
_c
2011
999
_c
3890
_d
3890